000 00366pab a2200145 454500
008 180718b1995 xxu||||| |||| 00| 0 eng d
100 _aSandesara, J.C.
245 _aChinese economic reforms
_bpath, progress, and prospects.
260 _c1995
300 _ap.3-17
362 _aJul-Sep
650 _aChina - Economic policy
773 _aVikalpa
909 _a29614
999 _c29614
_d29614